| 000 | 00819cam a2200265 a 4500 | ||
|---|---|---|---|
| 999 |
_c23316 _d23316 |
||
| 001 | 1016464 | ||
| 003 | OSt | ||
| 005 | 20200210101211.0 | ||
| 008 | 870730s1985 enk b 000 0 eng c | ||
| 010 | _a 87673275 | ||
| 020 | _a8182717124 | ||
| 020 | _a9788182717121 | ||
| 040 |
_aMH _cMH _dDLC |
||
| 050 | 1 | 4 |
_aBP161.2 _b.E27x 1985b |
| 082 |
_a297 _bEAT/I |
||
| 100 | 1 |
_aEaton, Gai, _d1921-2010 _91904 |
|
| 245 | 1 | 0 |
_aIslamum Manushya Bhagadheyavum = Islam and the destiny of man / _cGai Eaton. |
| 260 |
_aKozhikode : _bIslamic Publishing house ; _c1985. |
||
| 300 | _a480 p. ; | ||
| 490 | 1 | _aSUNY series in Islam | |
| 504 | _aIncludes bibliographical references. | ||
| 650 | 0 | _aIslam. | |
| 830 | 0 | _aSUNY series in Islam (London, England) | |
| 942 |
_2ddc _cBK _h297 _iEAT/I _k297 _mEAT/I |
||